000 00312nam a22001457a 4500
008 210303b ||||| |||| 00| 0 eng d
020 _a0826404871
041 _aeng
080 _a159.9
082 _a159.9
100 _a48
101 _aPSI
245 _aCounseling Children
_cMordock, J.B
942 _2udc
_cBK
999 _c55581
_d55581